Materials for teaching English to speakers of other languages

Gorde:
Xehetasun bibliografikoak
Formatua: Liburua
Hizkuntza:Undetermined
Argitaratua: London The British Council, English Teaching Information Centre 1978
Gaiak:
Etiketak: Etiketa erantsi
Etiketarik gabe, Izan zaitez lehena erregistro honi etiketa jartzen!
Thư viện lưu trữ: Trung tâm Học liệu Trường Đại học Cần Thơ
LEADER 00659nam a2200181Ia 4500
001 CTU_29078
008 210402s9999 xx 000 0 und d
082 |a 016.428 
082 |b I.43/No.3 
245 0 |a Materials for teaching English to speakers of other languages 
245 4 |c The British Council, English Teaching Information Centre 
260 |a London 
260 |b The British Council, English Teaching Information Centre 
260 |c 1978 
650 |a english language - study and teaching,English language 
650 |x Study and teaching,Foreign speakers 
904 |i Minh, Huỳnh Mai 
980 |a Trung tâm Học liệu Trường Đại học Cần Thơ